| 000 | 00727nam a22002537a 4500 | ||
|---|---|---|---|
| 003 | LK-CoMWRAF | ||
| 005 | 20231109103725.0 | ||
| 008 | 231012b2001 |||||||| |||| 00| 0 eng d | ||
| 020 | _a0746045549 | ||
| 040 |
_aLK-CoMWRAF _dLK-CoMWRAF _eLK-CoMWRAF |
||
| 041 | _aeng | ||
| 082 |
_a909 _bMIL |
||
| 100 | _aMillard, Anne | ||
| 245 | _aThe Usborne book of World History | ||
| 250 | _aUsborne miniature editions | ||
| 260 |
_aLondon: _bUsborne, _c2001 |
||
| 300 |
_a196 p. : col. ill., maps ; 18 cm _bIndex included |
||
| 650 | _aWORLD HISTORY- Encyclopedias, Juvenile; | ||
| 700 | _aVanags, Patricia | ||
| 700 |
_aMcEwan, Joseph _eills. |
||
| 700 |
_aTyler, Jenny _eed. |
||
| 700 |
_aPatchett, Fiona _eed. |
||
| 942 | _cREF | ||
| 999 |
_c3838 _d3838 |
||